Zdaňovanie daňou z pridanej hodnoty v SR - vybrané zmeny účinné od 1. januára 2018

Národná rada Slovenskej republiky schválila 7. decembra 2017 zákon č. 334/2017 Z. z., ktorým sa mení a dopĺňa zákon č. 222/2004 Z. z. o dani z pridanej hodnoty v znení neskorších predpisov . Uvedená novela zákona o DPH nadobudla účinnosť k 1. januáru 2018.

Salvato in:
Dettagli Bibliografici
Autore principale: Vašeková, Miroslava, 1978-
Altri autori: Mateášová, Martina, 1979-
Natura: Capitolo di libro
Lingua:slovacco
Soggetti:
Tags: Aggiungi Tag
Nessun Tag, puoi essere il primo ad aggiungerne!!

MARC

LEADER 00000nla a2200000 4500
001 0247552
005 20240502073949.1
041 0 |a slo 
044 |a SK 
245 1 0 |a Zdaňovanie daňou z pridanej hodnoty v SR - vybrané zmeny účinné od 1. januára 2018  |c Miroslava Vašeková, Martina Mateášová 
520 |a Národná rada Slovenskej republiky schválila 7. decembra 2017 zákon č. 334/2017 Z. z., ktorým sa mení a dopĺňa zákon č. 222/2004 Z. z. o dani z pridanej hodnoty v znení neskorších predpisov . Uvedená novela zákona o DPH nadobudla účinnosť k 1. januáru 2018. 
610 2 0 |a zákony 
610 2 0 |a dane z hodnoty pridanej 
610 2 0 |a novelizácia 
610 2 0 |a zdaňovanie 
610 2 0 |a Slovensko 
100 1 |a Vašeková, Miroslava, 1978- 
700 1 |a Mateášová, Martina, 1979-